000 00457nam a22001817a 4500
003 OSt
005 20211229134256.0
008 211229b |||||||| |||| 00| 0 eng d
020 _a9788131713518
040 _cHU
082 _a005.133
100 _aKochan G.Stephen
_926068
245 _aProgramming In C A Complete Introduction To The Programming Language
250 _a3rd
260 _aNewDelhi
_bNewDelhi
300 _f543
942 _2ddc
_cBOOKS
_n0
999 _c24993
_d24993